Films dont le titre commence par un M (3) - Version facile - Statistiques

Statistiques générales
  • Ce quiz a été pris 13 fois
  • Le résultat moyen est 11 sur 30
Statistiques - réponses
Année Réalisateur Genre 1 acteur ou
1 actrice
Titre Indice facile % Correct
1998 B. Ferrely Comédie Cameron Diaz Mary à tout prix prix
83%
1999 R. Simper Science-fiction Keanu Reeves Matrix *
83%
2006 S. Coppola Historique Kirsten Dunst Marie-Antoinette *
75%
2003 M. Nispel Horreur Jessica Biel Massacre à la tronçonneuse tronçonneuse
75%
1997 B. Sonnenfeld Comédie Will Smith Men in black in
75%
2001 G. Jugnot Historique Gérard Jugnot Monsieur Batignole *
75%
1993 C. Columbus Comédie Robin Williams Madame Doubtfire *
58%
2004 C. Eastwood Comédie dramatique Clint Eastwood Million dollar baby baby
58%
2005 D. Liman Action Brad Pitt Mr and Mrs Smith and
58%
1999 G. Jugnot Comédie Gérard Jugnot Meilleur espoir féminin féminin
50%
2004 P. Thomas Comédie Catherine Frot Mon petit doigt m'a dit doigt
50%
2002 E. Lartigau Comédie Kad Merad Mais qui a tué Pamela Rose ? Mais
42%
1996 T. Burton Comédie Jack Nicholson Mars attacks *
42%
2002 L. Tamahori Espionnage Pierce Brosnan Meurs un autre jour jour
42%
2006 P. Leconte Comédie Daniel Auteuil Mon meilleur ami ami
33%
1997 R. Gosnell Comédie Alex D. Linz Maman je m'occupe des méchants Maman
25%
2006 C. Eastwood Guerre Ryan Philippe Mémoires de nos pères pères
25%
2007 J-F Richet Policier Vincent Cassel Mesrine L'ennemi public N°1 1
25%
2002 A. de Caunes Historique Philippe Torreton Monsieur N *
25%
2005 S. Spielberg Drame Daniel Craig Munich *
25%
1994 R. Donner Aventures Mel Gibson Maverick *
17%
2002 R. Berry Comédie Jules Sitruk Moi César 10 ans et demi, 1m39 ans
17%
2008 M. McFadyen Musical George Gergiou Mamma Mia *
8%
2007 L. Lévy Comédie Vincent Lindon Mes amis, mes amours amis
8%
2005 Th. Gilou Comédie dramatique Gérard Depardieu Michou d'Auber Michou
8%
1995 F. Mitterrand Musical Ying Huang Madame Butterfly *
0%
2003 G. Legrand Comédie dramatique Alexandre Brasseur Malabar Princess *
0%
2002 R. Daniel Comédie Mike Weinberg Maman je suis seul contre tous tous
0%
2003 L-P Couvelaire Aventures Sagamore Stévenin Michel Vaillant *
0%
1997 M. Gorris Comédie dramatique Vanessa Redgrave Mrs Dalloway *
0%
Aucun quiz correspondant
Distribution des résultats
% des personnes avec chaque résultat
Percentile par nombre de réponses
Votre historique - résultats
Vous n’avez pas pris ce quiz